Представление документа в формате MARC21

Поле Инд. ПП Название Значение
Тип записи a
Библиографический уровень m
001 Контрольный номер 5be01f460370452b9f13f64a74c26374
005 Дата корректировки 20241123110820.8
020 c Цена, тираж б. ц.
040 b Код языка каталог. rus
e Правила каталог. PSBO
041 0_ a Код языка текста rus
080 a Индекс УДК 004.93
084 a Индекс другой классификации/Индекс ББК 32.972
090 a Полочн. индекс 681.3
x Авторский знак В29
097 b Оператор 02
100 1_ a Автор Венгеренко В. В.
245 10 a Заглавие Алгоритм и программное средство анализа графических объектов
b Продолж. заглавия дисс. на соиск. степени магистра техн. наук : 1-40 80 04
c Ответственность науч. рук. Н. Л. Боброва
260 a Место издания Минск
b Издательство БГУИР
c Дата издания 2024
300 a Объем 65 с.
e Сопроводительные материалы автореферат
510 0_ a Примечание о ссылках Диссертации и авторефераты диссертаций
650 04 a Основная рубрика 50.41 Программное обеспечение вычислительных машин, комплексов и сетей
653 0_ a Ключевые слова программные средства; компьютерная графика
856 40 u URL https://libeldoc.bsuir.by/bitstream/123456789/57776/1/Vengerenko_Algoritm.pdf
901 t Тип документа d